CAF African cup of nations - Statistics

General Stats
  • This quiz has been taken 339 times
  • The average score is 30 of 39
Answers on the Map
Answers color-coded by a green-red scale on the quiz's map according to % correct below.
 
Answer Stats
hint hint Answer % Correct
447.0 171.3 Egypt
96%
384.2 167.2 Algeria
95%
433.0 267.2 Democratic Republic of the Congo
94%
431 365 South Africa
93%
366.0 153.5 Morocco
91%
403.3 203.9 Niger
91%
401 148 Tunisia
90%
378.2 234.5 Ghana
89%
347 212 Senegal
89%
416.9 260.5 Republic of the Congo
88%
407.0 247.0 Cameroon
87%
448.5 209.5 Sudan
87%
398.0 230.8 Nigeria
86%
377 202.2 Mali
84%
420.0 301.2 Angola
83%
368.0 235.9 Cote d'Ivoire
83%
419.3 172.9 Libya
83%
383.0 232.4 Togo
82%
470 234.2 Ethiopia
81%
353.3 224.2 Guinea
78%
438 310 Zambia
78%
447.0 325.0 Zimbabwe
77%
465.8 259.9 Kenya
73%
385.7 225.0 Benin
72%
418 328 Namibia
72%
459.1 282.5 Tanzania
72%
435.0 336.1 Botswana
71%
377.0 219.0 Burkina Faso
71%
406.5 264 Gabon
71%
359.2 239.6 Liberia
70%
467 309.5 Mozambique
68%
453.1 256.6 Uganda
68%
456.0 307.0 Malawi
65%
347.7 220.3 Guinea Bissau
62%
326.7 206.9 Cape Verde
61%
447.8 267.7 Rwanda
61%
354.0 232.9 Sierra Leone
59%
404.0 255.8 Equatorial Guinea
57%
510.1 329.1 Mauritius
47%
No matching quizzes found
Score Distribution
Percent of People with Each Score
Percentile by Number Answered
Your Score History
You have not taken this quiz